Migration and economic growht in Brazil: empirical applications based on the solow-swan model /
Αποθηκεύτηκε σε:
| Κύριος συγγραφέας: | |
|---|---|
| Άλλοι συγγραφείς: | , |
| Μορφή: | Κείμενο |
| Ετικέτες: |
Προσθήκη ετικέτας
Δεν υπάρχουν, Καταχωρήστε ετικέτα πρώτοι!
|
MARC
| LEADER | 00000 a a2200000 04500 | ||
|---|---|---|---|
| 001 | 43457 | ||
| 003 | |||
| 040 | |||
| 100 | |a Golgher, André Braz | ||
| 245 | |a Migration and economic growht in Brazil: |b empirical applications based on the solow-swan model / |c André Braz Golgher ; Lízia de Figueiredo ; Roberto Santolin | ||
| 700 | |a Figueiredo, Lízia de | ||
| 700 | |a Santolin, Roberto | ||
| 773 | |g volumen49, número2 (2011), páginas 148-170 : tablas, mapas | ||
| 999 | |c 25346 |d 25346 | ||
